000 00966nam a2200241 a 4500
001 13239
003 BD-JhCC
005 20230731091227.0
008 230731b20182020bg a|||| |||| 000 0 ben d
020 _a9789843434326
035 _a(BD-JhCC)13239
040 _aBD-JhCC
_dBD-JhCC
041 _aeng
082 _a954.924
_bSHI 2020
100 _aশিকদার, সুমন
245 _aকলা আর পান, ঝিনাইদহের প্রাণ :
_bঝিনাইদহ জেলা ব্র্যান্ড বুক /
_cসুমন শিকদার
250 _a২য় সংস্করণ.
260 _aঝিনাইদহ :
_bবেগবতী প্রকাশনী,
_c২০২০
300 _a১৬০ পৃ. :
_bরঙিন পৃষ্ঠা;
_c২৫ সেমি.
504 _aগ্রন্থপঞ্জি সংযোজিত।
650 _aBranding Book
_zJhenaidah
_zBangladesh
942 _2ddc
_cREF
999 _c13239
_d13239